000 00294nam a2200109Ia 4500
001 588645
005 20250717120835.0
008 250717s9999 xx 000 0 und d
245 0 _aV-5 TUZ DEDEFTİFLERİ KAYIP DEDE
_cFATMA ÇAĞDAŞ ÇÖREKÇİ
260 _bERDEM YAYINLARI
_c2017
300 _b78
999 _c588645
_d588645